[Event "HUN-chT2 Barcza 1718"]
[Site "Hungary"]
[Date "2017.12.03"]
[Round "5.8"]
[White "Dani, Peter"]
[Black "Kun, Sandor2222"]
[Result "1-0"]
[WhiteElo "2012"]
[BlackElo "1964"]
[PlyCount "165"]
[EventDate "2017.09.24"]
[EventType "team-tourn"]
[EventRounds "11"]
[EventCountry "HUN"]
[SourceTitle "EXT 2021"]
[Source "ChessBase"]
[SourceDate "2020.10.23"]
[SourceVersion "1"]
[SourceVersionDate "2020.10.23"]
[SourceQuality "1"]
[WhiteTeam "Debrecen Sakkbaratok"]
[BlackTeam "Debrecen Sakkiskola II"]
[WhiteTeamCountry "HUN"]
[BlackTeamCountry "HUN"]

1. Nf3 Nf6 2. g3 g6 3. Bg2 Bg7 4. c4 c5 5. Nc3 Nc6 6. 0-0 e5 7. d3 0-0 8. Be3 d6 9. Qc1 Ng4 10. Bd2 Nd4 11. h3 Nf6 12. Kh2 Rb8 13. e3 Nxf3+ 14. Bxf3 Bd7 15. Rb1 Bc6 16. e4 Qd7 17. g4 a6 18. g5 Ne8 19. Bg4 Qd8 20. f4 exf4 21. Bxf4 Be5 22. Bxe5 dxe5 23. Nd5 f5 24. gxf6 Nxf6 25. Be6+ Kg7 26. Qg5 Nxd5 27. Qxd8 Rbxd8 28. exd5 Bd7 29. Rxf8 Kxf8 30. Rf1+ Ke7 31. Rf7+ Kd6 32. Rxd7+ Rxd7 33. Bxd7 Kxd7 34. Kg3 Kd6 35. h4 b5 36. b3 h5 37. a3 bxc4 38. bxc4 a5 39. Kf3 Ke7 40. Ke4 Kf6 41. d6 Ke6 42. d7 Kxd7 43. Kxe5 Ke7 44. a4 Kf7 45. d4 g5 46. hxg5 h4 47. dxc5 h3 48. c6 Ke7 49. c7 Kd7 50. c8Q+ Kxc8 51. g6 h2 52. g7 h1Q 53. g8Q+ Kc7 54. Qf7+ Kc8 55. Qe6+ Kc7 56. Qd6+ Kc8 57. Qc5+ Kb8 58. Qb5+ Kc8 59. Kd6 Qh6+ 60. Kd5 Qd2+ 61. Ke4 Qe2+ 62. Kf4 Qf2+ 63. Kg5 Qg3+ 64. Kf6 Qd6+ 65. Kf5 Qd3+ 66. Kf6 Qd6+ 67. Kf5 Qd3+ 68. Ke5 Qe3+ 69. Kd6 Qh6+ 70. Kd5 Qg5+ 71. Kc6 Qg6+ 72. Kc5 Qg1+ 73. Kd5 Qd1+ 74. Kc6 Qd7+ 75. Kb6 Qc7+ 76. Ka6 Qd6+ 77. Kxa5 Kc7 78. c5 Qd2+ 79. Ka6 Kd8 80. Qb8+ Ke7 81. Qd6+ Qxd6+ 82. cxd6+ Kxd6 83. Kb7 1-0

[Event "HUN-chT2 Barcza 1718"]
[Site "Hungary"]
[Date "2017.10.29"]
[Round "3.7"]
[White "Ruboczki, Tibor"]
[Black "Dani, Peter"]
[Result "1/2-1/2"]
[WhiteElo "2048"]
[BlackElo "2010"]
[PlyCount "28"]
[EventDate "2017.09.24"]
[EventType "team-tourn"]
[EventRounds "11"]
[EventCountry "HUN"]
[SourceTitle "EXT 2021"]
[Source "ChessBase"]
[SourceDate "2020.10.23"]
[SourceVersion "1"]
[SourceVersionDate "2020.10.23"]
[SourceQuality "1"]
[WhiteTeam "Nyiregyhaza SISE"]
[BlackTeam "Debrecen Sakkbaratok"]
[WhiteTeamCountry "HUN"]
[BlackTeamCountry "HUN"]

1. d4 Nf6 2. c4 c5 3. d5 b5 4. cxb5 a6 5. bxa6 Bxa6 6. Nc3 g6 7. g3 d6 8. Bg2 Bg7 9. Nf3 Nbd7 10. 0-0 0-0 11. Re1 Qb6 12. h3 Rfb8 13. Rb1 Ra7 14. Qd2 Bc4 1/2-1/2

[Event "HUN-chT2 Barcza 1718"]
[Site "Hungary"]
[Date "2017.09.24"]
[Round "1.8"]
[White "Dani, Peter"]
[Black "Czajner, Gabor"]
[Result "0-1"]
[WhiteElo "2025"]
[BlackElo "1811"]
[PlyCount "43"]
[EventDate "2017.09.24"]
[EventType "team-tourn"]
[EventRounds "11"]
[EventCountry "HUN"]
[SourceTitle "EXT 2021"]
[Source "ChessBase"]
[SourceDate "2020.10.23"]
[SourceVersion "1"]
[SourceVersionDate "2020.10.23"]
[SourceQuality "1"]
[WhiteTeam "Debrecen Sakkbaratok"]
[BlackTeam "Szirmabesenyo"]
[WhiteTeamCountry "HUN"]
[BlackTeamCountry "HUN"]

1. Nf3 Nf6 2. c4 d5 3. cxd5 Qxd5 4. Nc3 Qa5 5. d4 Bf5 6. Qb3 Qb6 7. Qa4+ Nbd7 8. Ne5 c6 9. f3 Nxe5 10. dxe5 Nd7 11. e4 Bg6 12. f4 e6 13. g4 h5 14. f5 Bh7 15. fxe6 fxe6 16. Qc4 Bg8 17. Bf4 Bc5 18. Bh3 Qxb2 19. Rb1 Qf2+ 20. Kd1 Qxf4 21. Rf1 Qxh2 22. Rxb7 0-1

[Event "HUN-chT2 Barcza 1415"]
[Site "Hungary"]
[Date "2014.10.12"]
[Round "?"]
[White "Dani, Peter"]
[Black "Boros, Laszlo"]
[Result "1/2-1/2"]
[WhiteElo "2038"]
[BlackElo "1912"]
[PlyCount "104"]
[EventDate "2014.09.07"]
[EventType "team-tourn"]
[EventRounds "11"]
[EventCountry "HUN"]
[SourceTitle "EXT 2016"]
[Source "ChessBase"]
[SourceDate "2015.10.08"]
[SourceVersion "1"]
[SourceVersionDate "2015.10.08"]
[SourceQuality "1"]
[WhiteTeam "Debrecen Sakkbaratok"]
[BlackTeam "Tiszavasvar"]
[WhiteTeamCountry "HUN"]
[BlackTeamCountry "HUN"]

1. Nf3 g6 2. d4 Bg7 3. c4 d6 4. Nc3 c6 5. e4 Bg4 6. Be3 Bxf3 7. gxf3 Qb6 8. Qd2 Nd7 9. Rb1 a5 10. h4 Ngf6 11. e5 Nh5 12. f4 Bh6 13. Be2 Ng7 14. Bg4 Qc7 15. h5 Nf5 16. hxg6 hxg6 17. Ne4 dxe5 18. Bxf5 gxf5 19. fxe5 fxe4 20. Rxh6 0-0-0 21. Rxh8 Rxh8 22. Ke2 c5 23. Bf4 cxd4 24. Qxd4 Rd8 25. Rd1 Nc5 26. Qxd8+ Qxd8 27. Rxd8+ Kxd8 28. Be3 Nd7 29. Bd4 f5 30. exf6 exf6 31. Ke3 Ke7 32. Kxe4 Ke6 33. f4 f5+ 34. Kd3 Kd6 35. Kc3 Kc6 36. a3 b5 37. cxb5+ Kxb5 38. b3 Nf8 39. a4+ Kc6 40. Kc4 Ne6 41. Be3 Nc7 42. Bc1 Ne6 43. Bd2 Kd6 44. Bxa5 Nxf4 45. Bd2 Nd5 46. Kd4 Kc6 47. Ke5 Nb6 48. a5 Nd7+ 49. Kd4 Nc5 50. b4 Na6 51. Kc4 Nxb4 52. Kxb4 Kb7 1/2-1/2

[Event "HUN-chT2 Maroczy 1314"]
[Site "Hungary"]
[Date "2014.04.13"]
[Round "10"]
[White "Dani, Peter"]
[Black "Dombai, Istvan"]
[Result "0-1"]
[WhiteElo "2058"]
[BlackElo "2207"]
[PlyCount "102"]
[EventDate "2013.09.08"]
[EventType "team-tourn"]
[EventRounds "11"]
[EventCountry "HUN"]
[SourceTitle "EXT 2016"]
[Source "ChessBase"]
[SourceDate "2015.10.08"]
[SourceVersion "1"]
[SourceVersionDate "2015.10.08"]
[SourceQuality "1"]
[WhiteTeam "Debrecen SBK"]
[BlackTeam "Szigetszentmiklos"]
[WhiteTeamCountry "HUN"]
[BlackTeamCountry "HUN"]

1. Nf3 Nf6 2. c4 g6 3. g3 Bg7 4. Bg2 0-0 5. 0-0 d6 6. d4 Nbd7 7. Nc3 a6 8. e4 c5 9. d5 b5 10. Nd2 Ne5 11. Qe2 Nfd7 12. f4 Nxc4 13. Nxc4 bxc4 14. Qxc4 a5 15. Re1 Ba6 16. Qb3 c4 17. Qc2 Nc5 18. Be3 Nd3 19. Red1 Rb8 20. Rab1 Qc7 21. Bf1 Rfc8 22. Bh3 Re8 23. Bf1 Rb7 24. Qd2 Reb8 25. Bxd3 cxd3 26. Rdc1 Qc4 27. b3 Qb4 28. f5 Rc7 29. Nd1 Rxc1 30. Rxc1 Qxe4 31. fxg6 hxg6 32. Qxa5 Bd4 33. Qd2 Qxd5 34. Bxd4 Qxd4+ 35. Qe3 Qd5 36. Nc3 Qa5 37. Qd2 Rc8 38. Ne4 Rxc1+ 39. Qxc1 Qd5 40. Nd2 Bb7 41. Kf2 Qg2+ 42. Ke3 Qe2+ 43. Kd4 e5+ 44. Kc3 d5 45. a4 Ba6 46. b4 d4+ 47. Kb3 e4 48. b5 e3 49. bxa6 exd2 50. Qc8+ Kg7 51. Kb4 d1Q 0-1

[Event "HUN-chT2 Maroczy 1314"]
[Site "Hungary"]
[Date "2013.11.17"]
[Round "5"]
[White "Dani, Peter"]
[Black "Magyar, Otto"]
[Result "1/2-1/2"]
[WhiteElo "2058"]
[BlackElo "2179"]
[PlyCount "40"]
[EventDate "2013.09.08"]
[EventType "team-tourn"]
[EventRounds "11"]
[EventCountry "HUN"]
[SourceTitle "EXT 2016"]
[Source "ChessBase"]
[SourceDate "2015.10.08"]
[SourceVersion "1"]
[SourceVersionDate "2015.10.08"]
[SourceQuality "1"]
[WhiteTeam "Debrecen SBK"]
[BlackTeam "Penzugyor II"]
[WhiteTeamCountry "HUN"]
[BlackTeamCountry "HUN"]

1. Nf3 Nf6 2. g3 c5 3. Bg2 Nc6 4. c4 d5 5. cxd5 Nxd5 6. Nc3 Nxc3 7. bxc3 g6 8. Qb3 Bg7 9. Ng5 0-0 10. h4 Bd7 11. h5 e6 12. f4 b5 13. Qb1 Rc8 14. Bb2 Rb8 15. Bf3 h6 16. Ne4 Qe7 17. e3 e5 18. hxg6 fxg6 19. Nf2 e4 20. Be2 Rfe8 1/2-1/2

[Event "HUN-chT2 Maroczy 1213"]
[Site "Hungary"]
[Date "2013.04.07"]
[Round "10"]
[White "Sinkovics, Peter"]
[Black "Dani, Peter"]
[Result "1-0"]
[WhiteElo "2290"]
[BlackElo "2097"]
[PlyCount "113"]
[EventDate "2012.09.16"]
[EventType "team-tourn"]
[EventRounds "11"]
[EventCountry "HUN"]
[SourceTitle "EXT 2014"]
[Source "ChessBase"]
[SourceDate "2013.11.20"]
[SourceVersion "1"]
[SourceVersionDate "2013.11.20"]
[SourceQuality "1"]
[WhiteTeam "Taban Spartacus"]
[BlackTeam "Debrecen"]
[WhiteTeamCountry "HUN"]
[BlackTeamCountry "HUN"]

1. d4 Nf6 2. Nf3 g6 3. c4 c5 4. d5 b5 5. cxb5 a6 6. e3 Qb6 7. Nc3 axb5 8. Bxb5 Bg7 9. Nd2 0-0 10. a4 Ba6 11. Ra3 Bxb5 12. axb5 Qb7 13. Nc4 Rxa3 14. bxa3 Ne8 15. Qb3 Bxc3+ 16. Qxc3 Qxb5 17. Bb2 f6 18. 0-0 d6 19. f4 Nd7 20. e4 Nc7 21. Rf2 Ra8 22. Rc2 Ra4 23. h3 Nb6 24. Nxd6 exd6 25. Qxf6 Ne8 26. Qh8+ Kf7 27. Qxh7+ Kf8 28. f5 Rxe4 29. fxg6 Re1+ 30. Kh2 Qf1 31. g7+ Nxg7 32. Bxg7+ Ke8 33. Qh5+ Kd7 34. Bh6 Qg1+ 35. Kg3 Re5 36. Qf7+ Re7 37. Qf5+ Kc7 38. Rf2 Qe1 39. Bf4 Rg7+ 40. Kh2 Qc3 41. Qe6 Nc4 42. Rf3 Qb2 43. Rg3 Rd7 44. a4 Qa2 45. Rg8 Qxa4 46. Qe8 Kb7 47. Qb8+ Ka6 48. Qa8+ Ra7 49. Qc8+ Ka5 50. Bxd6 Nxd6 51. Qd8+ Kb4 52. Qxd6 Qd7 53. Qb6+ Kc4 54. Rg4+ Kxd5 55. Rg5+ Ke4 56. Qxc5 Ra4 57. Re5+ 1-0

[Event "HUN-chT2 Maroczy 1213"]
[Site "Hungary"]
[Date "2012.12.02"]
[Round "5"]
[White "Virag, Attila Aba"]
[Black "Dani, Peter"]
[Result "1-0"]
[WhiteElo "2233"]
[BlackElo "2097"]
[PlyCount "109"]
[EventDate "2012.09.16"]
[EventType "team-tourn"]
[EventRounds "11"]
[EventCountry "HUN"]
[SourceTitle "EXT 2014"]
[Source "ChessBase"]
[SourceDate "2013.11.20"]
[SourceVersion "1"]
[SourceVersionDate "2013.11.20"]
[SourceQuality "1"]
[WhiteTeam "Hobagoly"]
[BlackTeam "Debrecen"]
[WhiteTeamCountry "HUN"]
[BlackTeamCountry "HUN"]

1. e4 g6 2. d4 d6 3. Nc3 Bg7 4. Be3 c6 5. Qd2 b5 6. f3 a5 7. g4 b4 8. Nce2 Nd7 9. a3 Rb8 10. axb4 axb4 11. Ng3 Qc7 12. N1e2 c5 13. Bg2 Nb6 14. b3 e5 15. dxc5 dxc5 16. 0-0 Nf6 17. Rfd1 0-0 18. Qd6 Qxd6 19. Rxd6 Nfd7 20. Nc1 Re8 21. Bf1 Bf8 22. Rd2 Re6 23. Bb5 Rd6 24. Nd3 Bb7 25. Nf1 f5 26. gxf5 gxf5 27. Rg2+ Rg6 28. exf5 Rxg2+ 29. Kxg2 e4 30. Ne1 exf3+ 31. Nxf3 Ne5 32. N1d2 Nd5 33. Bg5 h6 34. Nxe5 hxg5 35. Kf2 Bg7 36. Re1 Rf8 37. Bd7 Bf6 38. Ndf3 Nf4 39. Ng4 Bd8 40. Re5 c4 41. bxc4 Bc7 42. Re7 Nh3+ 43. Ke3 Bf4+ 44. Ke2 Bxf3+ 45. Kxf3 Bd6 46. Nh6+ Kh8 47. Nf7+ Rxf7 48. Rxf7 g4+ 49. Kxg4 Nf2+ 50. Kf3 Nh3 51. Rf6 Ng5+ 52. Kg4 Be7 53. Rh6+ Nh7 54. f6 Bxf6 55. Bf5 1-0

[Event "HUN-chT2 Maroczy 1011"]
[Site "Hungary"]
[Date "2010.11.07"]
[Round "5"]
[White "Herpai, Jozsef"]
[Black "Dani, Peter"]
[Result "0-1"]
[WhiteElo "2226"]
[BlackElo "2118"]
[PlyCount "72"]
[EventDate "2010.09.12"]
[EventType "team-tourn"]
[EventRounds "11"]
[EventCountry "HUN"]
[SourceTitle "EXT 2012"]
[Source "ChessBase"]
[SourceDate "2011.11.24"]
[SourceVersion "1"]
[SourceVersionDate "2011.11.24"]
[SourceQuality "1"]
[WhiteTeam "Maroczy"]
[BlackTeam "Debrecen SBE"]
[WhiteTeamCountry "HUN"]
[BlackTeamCountry "HUN"]

1. Nf3 e6 2. d4 c5 3. g3 cxd4 4. Nxd4 Nc6 5. Bg2 Nf6 6. 0-0 Qb6 7. Nb3 d5 8. a4 h6 9. Na3 a6 10. a5 Qd8 11. Be3 Bd6 12. c4 0-0 13. Bb6 Qe7 14. e3 Re8 15. Nb1 dxc4 16. N3d2 Bc5 17. Nxc4 Bxb6 18. Nxb6 Rb8 19. Nc3 Rd8 20. Qa4 Bd7 21. Rfd1 Be8 22. Qf4 g5 23. Qa4 Ne5 24. Qc2 Bc6 25. Bxc6 Nxc6 26. Qa4 Qb4 27. Qxb4 Nxb4 28. Kf1 Kf8 29. Ke2 Ke7 30. Rac1 Nc6 31. Ra1 Rxd1 32. Kxd1 Kd6 33. Ra4 Rd8 34. Ke2 Nd5 35. Ne4+ Kc7 36. Nc4 Ndb4 0-1

[Event "HUN-chT2 Barcza 0910"]
[Site "Hungary"]
[Date "2010.02.14"]
[Round "6.6"]
[White "Dani, Peter"]
[Black "Belteczky, Marton"]
[Result "1/2-1/2"]
[WhiteElo "2141"]
[BlackElo "2010"]
[PlyCount "87"]
[EventDate "2009.11.08"]
[EventType "team-tourn"]
[EventRounds "11"]
[EventCountry "HUN"]
[SourceTitle "EXT 2011"]
[Source "ChessBase"]
[SourceDate "2010.11.26"]
[SourceVersion "1"]
[SourceVersionDate "2010.11.26"]
[SourceQuality "1"]
[WhiteTeam "Debrecen Sakkbaratok"]
[BlackTeam "Piremon"]
[WhiteTeamCountry "HUN"]
[BlackTeamCountry "HUN"]

1. e4 g6 2. d4 d6 3. Nc3 Bg7 4. Be3 c6 5. Qd2 b5 6. f3 Nd7 7. a4 b4 8. Na2 a5 9. c3 bxc3 10. Nxc3 Ba6 11. Bxa6 Rxa6 12. Nge2 Ngf6 13. 0-0 0-0 14. Rac1 Qb8 15. Rc2 Rc8 16. Rfc1 Qb3 17. Ra1 Nb6 18. Nc1 Qe6 19. Qd3 Qc4 20. b3 Qxd3 21. Nxd3 Nfd7 22. Rac1 e5 23. d5 c5 24. Nb5 Bf8 25. g4 Na8 26. Nb2 Nc7 27. Nc4 Nxb5 28. axb5 Raa8 29. Ra2 Rcb8 30. Rxa5 Rxa5 31. Nxa5 Rxb5 32. Bd2 Nb6 33. Kf2 Bh6 34. Nc4 Nxc4 35. Bxh6 Na3 36. Rc3 Rb4 37. Rd3 Rb8 38. Bd2 Nc2 39. Ba5 Rb7 40. Rd2 Nd4 41. Rb2 Nxb3 42. Bd8 h6 43. h4 c4 44. Rc2 1/2-1/2

[Event "HUN-chT2 Barcza 0910"]
[Site "Hungary"]
[Date "2009.12.20"]
[Round "4.6"]
[White "Dani, Peter"]
[Black "Mizik, Zsolt"]
[Result "0-1"]
[WhiteElo "2141"]
[BlackElo "2048"]
[PlyCount "130"]
[EventDate "2009.11.08"]
[EventType "team-tourn"]
[EventRounds "11"]
[EventCountry "HUN"]
[SourceTitle "EXT 2011"]
[Source "ChessBase"]
[SourceDate "2010.11.26"]
[SourceVersion "1"]
[SourceVersionDate "2010.11.26"]
[SourceQuality "1"]
[WhiteTeam "Debrecen Sakkbaratok"]
[BlackTeam "Tiszavasvar"]
[WhiteTeamCountry "HUN"]
[BlackTeamCountry "HUN"]

1. e4 e5 2. Nf3 Nc6 3. Bb5 a6 4. Ba4 d6 5. c3 Bg4 6. h3 Bh5 7. d3 Be7 8. Nbd2 Nf6 9. Nf1 0-0 10. Ng3 Bg6 11. 0-0 b5 12. Bc2 d5 13. Qe2 dxe4 14. dxe4 Nh5 15. a4 Rb8 16. Nxh5 Bxh5 17. axb5 axb5 18. b4 Qd6 19. g4 Bg6 20. Bb3 Qd7 21. Rd1 Bd6 22. Nh4 Qe7 23. Ng2 Nd8 24. h4 h6 25. g5 h5 26. Ra5 Qe8 27. Rd5 Nc6 28. Ra1 Ne7 29. Rd1 Qc6 30. f3 Qxc3 31. Rb1 Bxb4 32. Rd3 Qc6 33. Be3 Bc5 34. Kh2 Bxe3 35. Nxe3 Bxe4 36. fxe4 Qxe4 37. Re1 Qxh4+ 38. Kg1 Qxg5+ 39. Ng2 Ng6 40. Kf1 Rbd8 41. Red1 Rxd3 42. Rxd3 c5 43. Bc2 c4 44. Rf3 f5 45. Qf2 e4 46. Rg3 Qf6 47. Rh3 Qg5 48. Rg3 Qf6 49. Rh3 Ra8 50. Rxh5 Ra1+ 51. Ne1 Qc3 52. Rxf5 Rxe1+ 53. Qxe1 Qh3+ 54. Kg1 Qxf5 55. Bxe4 Qg4+ 56. Kh1 Qh4+ 57. Qxh4 Nxh4 58. Kg1 Kf7 59. Kf1 Ke6 60. Bc6 b4 61. Ke2 Kd6 62. Be4 Kc5 63. Ke3 b3 64. Kd2 Kb4 65. Kc1 g5 0-1

[Event "HUN-chT2 Barcza 0910"]
[Site "Hungary"]
[Date "2009.11.22"]
[Round "2.6"]
[White "Dani, Peter"]
[Black "Rakos, Adam"]
[Result "1/2-1/2"]
[WhiteElo "2141"]
[BlackElo "1994"]
[PlyCount "122"]
[EventDate "2009.11.08"]
[EventType "team-tourn"]
[EventRounds "11"]
[EventCountry "HUN"]
[SourceTitle "EXT 2011"]
[Source "ChessBase"]
[SourceDate "2010.11.26"]
[SourceVersion "1"]
[SourceVersionDate "2010.11.26"]
[SourceQuality "1"]
[WhiteTeam "Debrecen Sakkbaratok"]
[BlackTeam "Kazincbarcika"]
[WhiteTeamCountry "HUN"]
[BlackTeamCountry "HUN"]

1. e4 c5 2. Nf3 Nc6 3. d4 cxd4 4. Nxd4 e5 5. Nb3 Bb4+ 6. c3 Be7 7. Be3 Nf6 8. Bc4 0-0 9. f3 a6 10. a4 d6 11. a5 Be6 12. Bd5 Qc8 13. 0-0 Bxd5 14. exd5 Na7 15. Qd3 Nd7 16. N1d2 f5 17. Nc4 Qe8 18. f4 e4 19. Qe2 Nc8 20. Nd4 Nc5 21. b4 Nd3 22. Ne6 Qb5 23. Nxf8 Kxf8 24. Nb2 Nxb2 25. Qxb2 Qxd5 26. Rfd1 Qc6 27. Qb3 Bf6 28. Bd4 Ne7 29. Bxf6 gxf6 30. Qe6 d5 31. Qxc6 bxc6 32. Kf2 Kf7 33. Ke3 Ke6 34. Kd4 Rb8 35. Ra2 Rb5 36. Rc1 c5+ 37. bxc5 Nc6+ 38. Ke3 Rxc5 39. Kd2 Nxa5 40. Rb1 Nc4+ 41. Ke2 a5 42. Rb7 Nd6 43. Rxh7 Rxc3 44. Rxa5 Rc2+ 45. Kf1 d4 46. Rh8 d3 47. Ra6 Rc1+ 48. Kf2 d2 49. Rxd6+ Kxd6 50. Rd8+ Ke6 51. Rxd2 Rc3 52. Ra2 Rc7 53. h3 Rc3 54. Ra6+ Kf7 55. Ra2 Kg6 56. Re2 Rb3 57. Kg1 Rd3 58. Kh2 Rc3 59. g3 Rd3 60. Kg2 Rc3 61. Ra2 Rb3 1/2-1/2

[Event "HUN-chT2 Toth 0809"]
[Site "Hungary"]
[Date "2009.02.22"]
[Round "8.1"]
[White "Dani, Peter"]
[Black "Csala, Imre"]
[Result "1/2-1/2"]
[WhiteElo "2190"]
[BlackElo "2189"]
[PlyCount "71"]
[EventDate "2008.10.26"]
[EventType "team-tourn"]
[EventRounds "11"]
[EventCountry "HUN"]
[SourceTitle "EXT 2010"]
[Source "ChessBase"]
[SourceDate "2010.11.25"]
[SourceVersion "1"]
[SourceVersionDate "2010.11.25"]
[SourceQuality "1"]
[WhiteTeam "Nadudvar"]
[BlackTeam "Takisz"]
[WhiteTeamCountry "HUN"]
[BlackTeamCountry "HUN"]

1. e4 Nc6 2. d4 e5 3. d5 Nce7 4. Nc3 Ng6 5. Be3 Be7 6. Qd2 a6 7. f3 d6 8. g3 Nf6 9. 0-0-0 Nh5 10. Kb1 h6 11. Qe1 c5 12. Bh3 b5 13. Bxc8 Rxc8 14. Nce2 Bg5 15. Bf2 c4 16. h4 Bf6 17. g4 Nhf4 18. h5 Nxe2 19. Nxe2 Nf4 20. Qd2 Nxe2 21. Qxe2 c3 22. b3 0-0 23. Ka1 Bg5 24. Be3 f6 25. Rd3 b4 26. Rb1 Qa5 27. Qe1 Rf7 28. a4 Rb7 29. Ka2 Qc7 30. Ra1 Rbb8 31. Kb1 a5 32. Ka2 Qb7 33. Qf2 Qa6 34. Rad1 Rb7 35. Qg1 Rbc7 36. Qf2 1/2-1/2

[Event "HUN-chT2 Toth 0809"]
[Site "Hungary"]
[Date "2009.01.25"]
[Round "6.1"]
[White "Dani, Peter"]
[Black "Palasti, Ferenc"]
[Result "0-1"]
[WhiteElo "2190"]
[BlackElo "2025"]
[PlyCount "90"]
[EventDate "2008.10.26"]
[EventType "team-tourn"]
[EventRounds "11"]
[EventCountry "HUN"]
[SourceTitle "EXT 2010"]
[Source "ChessBase"]
[SourceDate "2010.11.25"]
[SourceVersion "1"]
[SourceVersionDate "2010.11.25"]
[SourceQuality "1"]
[WhiteTeam "Nadudvar"]
[BlackTeam "Szentes"]
[WhiteTeamCountry "HUN"]
[BlackTeamCountry "HUN"]

1. e4 e6 2. d4 d5 3. Nc3 Bb4 4. e5 Ne7 5. a3 Bxc3+ 6. bxc3 Ng6 7. a4 c5 8. Bd3 c4 9. Bxg6 hxg6 10. Ba3 Qg5 11. g3 Nc6 12. f4 Qf5 13. Nf3 f6 14. Qe2 Qg4 15. 0-0-0 a6 16. Rdg1 b5 17. h3 Rxh3 18. Rxh3 Qxh3 19. Nh4 f5 20. Qf3 Kf7 21. axb5 axb5 22. Kb2 Bd7 23. Rh1 Qg4 24. Qxg4 fxg4 25. Bc5 Ra4 26. Rf1 Bc8 27. Ng2 Ba6 28. Ra1 Rxa1 29. Kxa1 g5 30. fxg5 Kg6 31. Bf8 Kxg5 32. Ne3 Bc8 33. Kb2 Bd7 34. Bxg7 Kh5 35. Bf8 Nd8 36. Ka3 Nf7 37. Be7 Nh6 38. Bd6 Nf5 39. Nxf5 exf5 40. e6 Bxe6 41. Kb4 f4 42. Bxf4 Kg6 43. Kxb5 Kf5 44. Kc6 Ke4 45. Kd6 Bg8 0-1

[Event "HUN-chT2 Toth 0809"]
[Site "Hungary"]
[Date "2008.12.21"]
[Round "4.1"]
[White "Dani, Peter"]
[Black "Berebora, Ferenc"]
[Result "0-1"]
[WhiteElo "2190"]
[BlackElo "2383"]
[PlyCount "68"]
[EventDate "2008.10.26"]
[EventType "team-tourn"]
[EventRounds "11"]
[EventCountry "HUN"]
[SourceTitle "EXT 2010"]
[Source "ChessBase"]
[SourceDate "2010.11.25"]
[SourceVersion "1"]
[SourceVersionDate "2010.11.25"]
[SourceQuality "1"]
[WhiteTeam "Nadudvar"]
[BlackTeam "Kisujszallas"]
[WhiteTeamCountry "HUN"]
[BlackTeamCountry "HUN"]

1. e4 c5 2. Nf3 d6 3. d4 cxd4 4. Nxd4 Nf6 5. Nc3 Nc6 6. Be2 e5 7. Nb3 Be7 8. 0-0 0-0 9. f4 a5 10. a4 Nb4 11. Kh1 b6 12. Bf3 Bb7 13. Be3 Rc8 14. Rf2 d5 15. fxe5 Nxe4 16. Bxe4 dxe4 17. Qg4 Rc6 18. Rd1 Qb8 19. Qd7 Bh4 20. g3 Bc8 21. Qd2 Be7 22. Nd4 Rg6 23. Bf4 Qa8 24. Be3 h6 25. Kg1 Rd8 26. Nce2 Bg4 27. Rdf1 Bc5 28. Nf4 Rg5 29. c3 Nc6 30. e6 fxe6 31. Nfxe6 Bxe6 32. Bxg5 hxg5 33. Qxg5 Nxd4 34. cxd4 Bxd4 0-1

[Event "Debrecen Karneval Cup"]
[Site "Debrecen"]
[Date "2008.08.22"]
[Round "7"]
[White "Ats, Laszlo Gyorgy"]
[Black "Dani, Peter"]
[Result "0-1"]
[WhiteElo "2148"]
[BlackElo "2164"]
[PlyCount "120"]
[EventDate "2008.08.18"]
[EventType "swiss"]
[EventRounds "7"]
[EventCountry "HUN"]
[SourceTitle "CBM 126 Extra"]
[Source "ChessBase"]
[SourceDate "2008.11.05"]
[SourceVersion "1"]
[SourceVersionDate "2008.11.05"]
[SourceQuality "1"]

1. e4 c5 2. Nf3 Nc6 3. Nc3 a6 4. a4 g6 5. Bc4 Bg7 6. d3 d6 7. 0-0 Nf6 8. Nd5 0-0 9. c3 Rb8 10. Bg5 Nxd5 11. Bxd5 h6 12. Be3 Kh7 13. Qb3 Bg4 14. Nd2 Be2 15. Rfe1 Bxd3 16. Bxf7 b5 17. Bd5 Ne5 18. f4 Ng4 19. Qd1 Nxe3 20. Rxe3 c4 21. Qg4 e5 22. Rg3 Qf6 23. Nf3 exf4 24. Rh3 h5 25. Ng5+ Kh6 26. Ne6 Qe5 27. Nxf8 Rxf8 28. axb5 axb5 29. Qf3 b4 30. Rc1 bxc3 31. Rxc3 Qd4+ 32. Kh1 Qe3 33. Qd1 Qf2 34. Rcxd3 cxd3 35. Rxd3 Qxb2 36. Qf3 Be5 37. Rd1 Rc8 38. Qb3 Qe2 39. Qf3 Qb2 40. Qb3 Rc1 41. Qd3 Rc3 42. Qf1 f3 43. g3 Rc2 44. Qxf3 Rxh2+ 45. Kg1 Rc2 46. Qf8+ Bg7 47. Qf4+ Kh7 48. e5 Bxe5 49. Qf7+ Kh6 50. Qf8+ Bg7 51. Qf4+ Kh7 52. g4 Qb6+ 53. Kf1 Qb5+ 54. Kg1 Qe2 55. Bf3 Qf2+ 56. Kh1 Be5 57. Qf7+ Bg7 58. Qf4 h4 59. g5 Rc5 60. Rg1 Rf5 0-1

[Event "Debrecen Karneval Cup"]
[Site "Debrecen"]
[Date "2008.08.19"]
[Round "4"]
[White "Dani, Peter"]
[Black "Szakaly, Balazs"]
[Result "1-0"]
[WhiteElo "2164"]
[BlackElo "2081"]
[PlyCount "55"]
[EventDate "2008.08.18"]
[EventType "swiss"]
[EventRounds "7"]
[EventCountry "HUN"]
[SourceTitle "CBM 126 Extra"]
[Source "ChessBase"]
[SourceDate "2008.11.05"]
[SourceVersion "1"]
[SourceVersionDate "2008.11.05"]
[SourceQuality "1"]

1. e4 c5 2. Nf3 d6 3. d4 cxd4 4. Nxd4 Nf6 5. Nc3 a6 6. Bg5 e6 7. f4 Be7 8. Qf3 Nbd7 9. 0-0-0 Qc7 10. g4 b5 11. Bxf6 Bxf6 12. g5 Be7 13. f5 Bxg5+ 14. Kb1 Ne5 15. Qh5 Be3 16. Nxe6 Bxe6 17. fxe6 Rc8 18. exf7+ Nxf7 19. Bh3 0-0 20. Bxc8 Rxc8 21. Qe2 Bh6 22. Nd5 Qd8 23. Qg4 Kh8 24. Rhf1 Ne5 25. Qe6 Nc4 26. Ne7 Rc7 27. Rxd6 Nxd6 28. Qxd6 1-0

[Event "HUN-chT2 Barcza 0607"]
[Site "Hungary"]
[Date "2007.05.06"]
[Round "10"]
[White "Dani, Peter"]
[Black "Farkas, Lajos"]
[Result "1-0"]
[WhiteElo "2175"]
[BlackElo "2159"]
[PlyCount "47"]
[EventDate "2006.11.12"]
[EventType "team"]
[EventRounds "11"]
[EventCountry "HUN"]
[SourceTitle "EXT 2008"]
[Source "ChessBase"]
[SourceDate "2007.11.25"]
[SourceVersion "1"]
[SourceVersionDate "2007.11.25"]
[SourceQuality "1"]
[WhiteTeam "Lokomotiv"]
[BlackTeam "Debrecen Betu"]
[WhiteTeamCountry "HUN"]
[BlackTeamCountry "HUN"]

1. e4 e6 2. d4 c5 3. Nf3 cxd4 4. Nxd4 d5 5. exd5 Qxd5 6. c4 Qe5+ 7. Be2 Bb4+ 8. Nc3 Bxc3+ 9. bxc3 Nf6 10. Ba3 Nbd7 11. 0-0 a6 12. Kh1 Nc5 13. Bf3 0-0 14. Nb3 Nfd7 15. Nxc5 Nxc5 16. Qd4 Nd7 17. Bxf8 Kxf8 18. Rab1 Rb8 19. Rfe1 Qc7 20. h4 b6 21. Red1 Ne5 22. Be2 Bb7 23. Qd6+ Qxd6 24. Rxd6 1-0